01440nac a22003131u 4500010001300000020002400013020001700037082001600054090001500070100003400085111006100119245017600180260005500356300003300411440004000444500011400484500002600598504004100624511002400665650004000689650005100729700002600780700004200806700003000848710011100878942001800989999001501007952010401022 a87023429 a0387179275 (U.S.) : a3540179275 :00a670.42bEXP c9345d9345 a20080729  aInternational Workshop SpacBelguimdAugust 18-22, 1986.00aExpert systems in production engineering :bproceedings of the international workshop, Spa, Belgium, August 18-22, 1986 /cEdited by G. Menges, N. HoÌ(velmanns, E. Baur. aBerlin ;aNew York :bSpringer-Verlag,1987cc1987. aiv, 245 p. :bill. ;c25 cm. 0aLecture notes in engineering ;v29; aSponsored by the European Research Office, U.S. Army Research, Development, and Standardisation Group (U.K.). aDistributer: Al-Ahram aIncludes bibliographical references. aCatalogued by: Sara 0aProduction engineeringxCongresses. 0aExpert systems (Computer science)xCongresses.1 aMenges, Georg,d1923-1 aHoÌ(velmanns, N.q(Norbert),d1957-1 aBaur, E.q(Erwin),d1955-1 aUnited States.bArmy.bResearch, Development, and Standardisation Group (U.K.).bEuropean Research Office. cBBk670.42EXP c9345d9345 00104070aMAINbMAINc1STd2008-05-04ePurchasel0o670.42EXPp000011092r2025-07-15 00:00:00yBB